Library Banner

نخونظریۃ لادب الاسلام/ (Record no. 93301)

MARC details
000 -LEADER
fixed length control field 00439nam a22001457a 4500
005 - DATE AND TIME OF LATEST TRANSACTION
control field 20170510093418.0
008 - FIXED-LENGTH DATA ELEMENTS--GENERAL INFORMATION
fixed length control field 170510b xxu||||| |||| 00| 0 eng d
040 ## - CATALOGING SOURCE
Transcribing agency PK-LaUMT
082 ## - DEWEY DECIMAL CLASSIFICATION NUMBER
Classification number ZIAC 297.01
Item number AHM-N
100 ## - MAIN ENTRY--PERSONAL NAME
Personal name احمد حمدون ، محمد
245 ## - TITLE STATEMENT
Title نخونظریۃ لادب الاسلام/
Statement of responsibility, etc محمد احمد حمدون
260 ## - PUBLICATION, DISTRIBUTION, ETC. (IMPRINT)
Place of publication, distribution, etc جدۃ:
Name of publisher, distributor, etc المملکۃ العربیۃ،
Date of publication, distribution, etc 1986
300 ## - PHYSICAL DESCRIPTION
Extent 1752 ص
942 ## - ADDED ENTRY ELEMENTS (KOHA)
Koha item type Books
Holdings
Withdrawn status Lost status Damaged status Home library Current library Date acquired Full call number Barcode Date last seen Price effective from Koha item type
      UMT Main Campus UMT Main Campus 2017-05-10 ZIAC 297.01 AHM-N 108496 2017-05-10 2017-05-10 Books